|
|
|
|
| LEADER |
00000nam0a2200000 4500 |
| 001 |
64112 |
| 005 |
20231031065405.0 |
| 010 |
|
|
|a 5488000623
|
| 010 |
|
|
|a 5-94666-218-X
|
| 035 |
|
|
|a (RuTPU)RU\TPU\book\68025
|
| 090 |
|
|
|a 64112
|
| 100 |
|
|
|a 20040526d2005 km y0rusy50 ca
|
| 101 |
0 |
|
|a rus
|
| 102 |
|
|
|a RU
|
| 105 |
|
|
|a y e 000zy
|
| 200 |
1 |
|
|a Словарь русского языка
|e около 53000 слов
|f С. И. Ожегов
|
| 205 |
|
|
|a 24-е изд., испр.
|
| 210 |
|
|
|a Москва
|c ОНИКС
|c Мир и Образование
|d 2005
|
| 215 |
|
|
|a 1199 с.
|
| 330 |
|
|
|a Настоящее издание толкового словаря русского языка выдающегося ученого-лексикографа С. И. Ожегова восходит к 4-му изданию, которое вышло в свет в авторской редакции. В него внесены исправления, связанные, главным образом, с отразившимися в языке изменениями в общественно-политической жизни, происшедшими за последние 50 лет. Словарь содержит лексику, активно используемую в различных сферах русского языка. Словарная статья включает толкование слова, примеры его употребления в речи, раскрывает его фразеологические и словообразовательные возможности. В книге содержатся сведения о правильном литературном употреблении слов: указывается ударение и в трудных случаях произношение, приводятся грамматические формы, стилистическая характеристика. Словарь рассчитан на самый широкий круг читателей.
|
| 610 |
1 |
|
|a русский язык
|
| 610 |
1 |
|
|a лексика
|
| 610 |
1 |
|
|a словари
|
| 610 |
1 |
|
|a толковые словари
|
| 686 |
|
|
|a Ш141.2-42
|v LBC/SL-A
|2 rubbk
|
| 700 |
|
1 |
|a Ожегов
|b С. И.
|g Сергей Иванович
|
| 702 |
|
1 |
|a Скворцов
|b Л. И.
|4 340
|
| 801 |
|
1 |
|a RU
|b 63413507
|c 20040526
|g PSBO
|
| 801 |
|
2 |
|a RU
|b 63413507
|c 20120227
|g PSBO
|
| 942 |
|
|
|c BK
|
| 959 |
|
|
|a 56/20050629
|d 2
|e 0
|f НФ:1
|f АНЛ:1
|